000 00539nam a2200181Ia 4500
008 240729s9999 xx 000 0 und d
022 _a2049-3509
245 0 _aEconomic Thought
260 _aUnited Kingdom
260 _bWorld Economics Association
650 _a Economic history and conditions | Social Sciences
650 _a Economic theory. Demography
650 _a Economics as a science
650 _aSocial Sciences
856 _uhttps://doaj.org/toc/3a82479706fc4d6597e6a29916c53117
942 _2ddc
942 _cDOAJEJ
999 _c68695
_d68695
945 _a1
_bMadushi Gamage
_c1
_dMadushi Gamage